| 000 | 01932cam a2200337 i 4500 | ||
|---|---|---|---|
| 001 | 17400026 | ||
| 003 | OSt | ||
| 005 | 20180116192425.0 | ||
| 008 | 120724s2010 sz a b 001 0 eng | ||
| 010 | _a 2012419605 | ||
| 020 | _a9783034606585 (English edition : hd.bd.) | ||
| 020 | _a3034606583 (English edition : hd.bd.) | ||
| 040 |
_aDLC _beng _erda _cDLC _dDLC |
||
| 041 | 1 |
_aeng _hger |
|
| 042 | _apcc | ||
| 050 | 0 | 0 |
_aTH2409 _b.F5913 2010 |
| 082 | _a695 | ||
| 130 | 0 |
_aFlachdach-Atlas. _lEnglish _98019 |
|
| 245 | 1 | 0 |
_aFlat roof construction manual : _bmaterials, design, applications / _cSedlbauer, Schunck, Barthel, Künzel. |
| 250 | _a1st edition. | ||
| 260 |
_aBasel : _bBirkhäuser ; _aMunich : _bEdition Detail, _c2010. |
||
| 300 |
_a208 pages : _billustrations ; _c31 cm |
||
| 500 | _aTranslation of: Flachdach-Atlas : Werkstoffe, Konstruktionen, Nutzungen. | ||
| 504 | _aIncludes bibliographical references (p. 202-203) and indexes. | ||
| 505 | 0 | _aIntroduction. The evolution of the flat roof / Christian Schittich -- Structure / Rainer Barthel. Loadbearing structure / Matthias Beckh, Mark Böttges, Eberhard Möller, Zoran Novacki -- Loadbearing decks / Matthias Beckh, Mark Böttges, Eberhard Möller -- Building physics / Klaus Sedlbauer. Thermal insulation / Christian Bludau, Hartwig M. Künzel -- Moisture control / Hartwig M. Künzel -- Fire / Ulrich Max -- Sound insulation / Philip Leistner, Lutz Weber -- Design principles / Klaus Sedlbauer. Materials / Wolfgang Zillig -- Flat roof construction / Christian Bludau, Eberhard Schunck -- Construction details / Eberhard Schunck -- Case studies. | |
| 650 | 0 |
_aFlat roofs _xDesign and construction. _98020 |
|
| 700 | 1 | 2 |
_aSchittich, Christian. _tFlache Dach, eine Entwicklungsgeschichte. _lEnglish. _98021 |
| 906 |
_a7 _bcbc _corigres _d2 _encip _f20 _gy-gencatlg |
||
| 942 |
_2ddc _cBK |
||
| 999 |
_c354062 _d354062 |
||